| 000 | 04036cam a22006258i 4500 | ||
|---|---|---|---|
| 001 | 9780367135997 | ||
| 003 | FlBoTFG | ||
| 005 | 20250124160945.0 | ||
| 006 | m d | | | ||
| 007 | cr ||||||||||| | ||
| 008 | 190711s2020 enk ob 001 0 eng | ||
| 040 |
_aKO _beng |
||
| 040 |
_aOCoLC-P _beng _erda _cOCoLC-P |
||
| 020 |
_a9780367135997 _q(ebk) |
||
| 020 | _a036713599X | ||
| 020 |
_a9780429640711 _q(electronic bk. : EPUB) |
||
| 020 |
_a0429640714 _q(electronic bk. : EPUB) |
||
| 020 |
_a9780429643880 _q(electronic bk. : PDF) |
||
| 020 |
_a0429643888 _q(electronic bk. : PDF) |
||
| 020 |
_a9780429637544 _q(electronic bk. : Mobipocket) |
||
| 020 |
_a0429637543 _q(electronic bk. : Mobipocket) |
||
| 020 |
_z9780367135973 _q(hbk) |
||
| 020 |
_z9780367135980 _q(pbk) |
||
| 041 | 0 | _aeng | |
| 072 | 7 |
_aBUS _x000000 _2bisacsh |
|
| 072 | 7 |
_aBUS _x041000 _2bisacsh |
|
| 072 | 7 |
_aBUS _x087000 _2bisacsh |
|
| 072 | 7 |
_aKJMV5 _2bicssc |
|
| 082 | 0 | 0 |
_a658.5 _223 |
| 245 | 0 | 0 |
_aOperations management for business excellence : _bbuilding sustainable supply chains / _c[edited by] David Gardiner and Hendrik Reefke. |
| 250 | _aFourth edition. | ||
| 264 | 1 |
_aAbingdon, Oxon ; _aNew York, NY : _bRoutledge, _c2020. |
|
| 300 | _a1 online resource | ||
| 336 |
_atext _btxt _2rdacontent |
||
| 337 |
_acomputer _bn _2rdamedia |
||
| 338 |
_aonline resource _bnc _2rdacarrier |
||
| 520 | _aAll businesses strive for excellence in today's technology-based environment in which customers want solutions at the touch of a button. This highly regarded textbook provides in-depth coverage of the principles of operations and supply chain management and explains how to design, implement, and maintain processes for sustainable competitive advantage. This text offers a unique combination of theory and practice with a strategic, results-driven approach. Now in its fourth edition, Operations Management for Business Excellence has been updated to reflect major advances and future trends in supply chain management. A new chapter on advanced supply chain concepts covers novel logistics technology, information systems, customer proximity, sustainability, and the use of multiple sales channels. As a platform for discussion, the exploration of future trends includes self-driving vehicles, automation and robotics, and omnichannel retailing. Features include: A host of international case studies and examples to demonstrate how theory translates to practice, including Airbus, Hewlett Packard, Puma, and Toyota. A consistent structure to aid learning and retention: Each chapter begins with a detailed set of learning objectives and finishes with a chapter summary, a set of discussion questions and a list of key terms. Fully comprehensive with an emphasis on the practical, this textbook should be core reading for advanced undergraduate and postgraduate students of operations management and supply chain management. It would also appeal to executives who desire an understanding of how to achieve and maintain excellence' in business. Online resources include lecture slides, a glossary, test questions, downloadable figures, and a bonus chapter on project management. | ||
| 588 | _aOCLC-licensed vendor bibliographic record. | ||
| 650 | 0 | _aProduction management. | |
| 650 | 0 | _aOperations research. | |
| 650 | 0 | _aBusiness logistics. | |
| 650 | 0 | _aStrategic planning. | |
| 650 | 0 |
_aOperations research _vCase studies. |
|
| 650 | 0 |
_aBusiness logistics _vCase studies. |
|
| 650 | 7 |
_aBUSINESS & ECONOMICS / General _2bisacsh |
|
| 650 | 7 |
_aBUSINESS & ECONOMICS / Management _2bisacsh |
|
| 650 | 7 |
_aBUSINESS & ECONOMICS / Production & Operations Management _2bisacsh |
|
| 700 | 1 |
_aGardiner, David, _d1945- _eauthor. |
|
| 700 | 1 |
_aReefke, Hendrik, _d1980- _eauthor. |
|
| 856 | 4 | 0 |
_3Taylor & Francis _uhttps://www.taylorfrancis.com/books/9780367135997 |
| 856 | 4 | 2 |
_3OCLC metadata license agreement _uhttp://www.oclc.org/content/dam/oclc/forms/terms/vbrl-201703.pdf |
| 904 | _aRUDRA_R | ||
| 905 | _aR_RANJAN | ||
| 942 | _cEB | ||
| 999 |
_c3005 _d3005 |
||